| 000 | 00787nam a22001937a 4500 | ||
|---|---|---|---|
| 005 | 20170810150123.0 | ||
| 020 |
_a9788170949510 _c399.00 |
||
| 035 | _aB-666102 | ||
| 037 |
_aDPL _bPragati/VEN |
||
| 082 | _a343.5405245 | ||
| 100 | _aLakhotia, R.N. | ||
| 245 |
_ahow to save tax on capital gains: _cby R.N.Lakhotia [and] Subhash Lakhotia _bassessment year 2016-2017 / |
||
| 260 |
_aNew Delhi _bVision Books _c2015 |
||
| 270 |
_a24 feroze Gandhi Road,Lajpat Nagar 3 _bNew Delhi _e110024 |
||
| 300 |
_a224p. _c24cm(pbk) |
||
| 700 | _aLakhotia, Subhash | ||
| 942 |
_2ddc _cEN _h343.5405245 _mLAK |
||
| 999 |
_c143237 _d143237 |
||